Statistics for Spongebob Characters

Click here to take the quiz!

General Stats

  • This quiz has been taken 23 times
  • The average score is 12 of 26

Answer Stats

Characters % Correct
Spongebob Squarepants
100%
Patrick Star
100%
Squidward Tentacles
89%
Mr. Krabs
84%
Gary
79%
Sandy Cheeks
79%
Mrs. Puff
74%
Plankton
74%
Larry the Lobster
58%
Pearl Krabs
53%
Barnacle Boy
47%
Karen
47%
Mermaid Man
47%
Man Ray
42%
Squilliam Fancyson
37%
The Flying Dutchman
37%
Dirty Bubble
37%
Bubble Bass
32%
Old Man Jenkins
32%
King Neptune
26%
Margaret Squarepants
16%
Harold Squarepants
16%
Betsy Krabs
16%
Grandma Squarepants
11%
Scooter
0%
Purple Doctorfish
0%

Score Distribution

Percentile by Number Answered

Percent of People with Each Score

Your Score History

You have not taken this quiz